00380nam a2200157Ia 45000010006000000050017000060080041000230410008000640820015000721000024000872450058001112600009001693000028001786500008002066540008002142446120260414151045.0260414t2007||||xx |||||||||||||| ||spa|| aESP a345.7bR84 aRosenberg, LeoeAUT 0aTratado de derecho procesal civil :bteoría general c2007 a550 páginas :c24 cm. aDER aCDE